Patanjali Yoga Sutras (Record no. 187222)

MARC details
000 -LEADER
fixed length control field 00546nam a22001817a 4500
005 - DATE AND TIME OF LATEST TRANSACTION
control field 20220406145543.0
010 ## - LCCN (DPL NO)
LC control number ENG-132243
020 ## - INTERNATIONAL STANDARD BOOK NUMBER
International Standard Book Number 9789380775351
035 ## - SYSTEM CONTROL NUMBER
System control number EN-115775
037 ## - SOURCE OF ACQUISITION
Source of stock number/acquisition DBAD/PUB
082 ## - DEWEY DECIMAL CLASSIFICATION NUMBER
Classification number 181.45
100 ## - MAIN ENTRY--PERSONAL NAME
Personal name VIVEKANANDA, SWAMI
245 ## - TITLE STATEMENT
Title Patanjali Yoga Sutras
Statement of responsibility, etc Swami Vivkananda
260 ## - PUBLICATION, DISTRIBUTION, ETC. (IMPRINT)
Place of publication, distribution, etc Delhi
Name of publisher, distributor, etc Modern Press & Publications
Date of publication, distribution, etc 2022
270 ## - ADDRESS
Address 1/2, Gali No.5, Pandav Road Vishwas Nagar,Shadhara, Delhi
City Delhi
Postal code 110032
300 ## - PHYSICAL DESCRIPTION
Extent 143p.
Dimensions 24cm(hbk)
942 ## - ADDED ENTRY ELEMENTS (KOHA)
Source of classification or shelving scheme Dewey Decimal Classification
Item type English Books
Call number suffix VIV
Classification part 181.45
Holdings
Withdrawn status Lost status Not for loan Collection code Home library Current library Date acquired Source of acquisition Cost, normal purchase price Full call number Barcode Copy number Cost, replacement price Koha item type
      Non-fiction Central Library Central Library 06/04/2022 DBAD/PUB 400.00 181.45 VIV EN-115775 1 400.00 English Books

© Delhi Public Library
Hit Counter
free hit counter